Peter Pan / (Registro nro. 3380)

Detalles MARC
000 -LEADER
fixed length control field 00857nam a2200217Ia 4500
003 - CONTROL NUMBER IDENTIFIER
control field OSt
005 - DATE AND TIME OF LATEST TRANSACTION
control field 20250612111326.0
008 - FIXED-LENGTH DATA ELEMENTS--GENERAL INFORMATION
fixed length control field 191128t2016 ck gr 000 f spa d
020 ## - INTERNATIONAL STANDARD BOOK NUMBER
International Standard Book Number 9789588421711
040 ## - CATALOGING SOURCE
Original cataloging agency CO-JMCR
Transcribing agency CO-JMCR
041 ## - LANGUAGE CODE
Language code of text/sound track or separate title spa
082 04 - DEWEY DECIMAL CLASSIFICATION NUMBER
Classification number J-N
Item number SANp
100 1# - MAIN ENTRY--PERSONAL NAME
Personal name Sánchez , Aguilar Agustín,
Relator term autor
9 (RLIN) 8109
245 10 - TITLE STATEMENT
Title Peter Pan /
Statement of responsibility, etc. Agustín Sánchez Aguilar
250 ## - EDITION STATEMENT
Edition statement Primera edición
260 ## - PUBLICATION, DISTRIBUTION, ETC.
Place of publication, distribution, etc. Bogotá :
Name of publisher, distributor, etc. Vicens Vives,
Date of publication, distribution, etc. ©2016
300 ## - PHYSICAL DESCRIPTION
Extent 176 páginas :
Other physical details ilustraciones a color ;
Dimensions 22 cm.
520 ## - SUMMARY, ETC.
Summary, etc. En una isla lejana vive Peter Pan, un niño que se niega a crecer. Su país está lleno de hadas traviesas y piratas despiadados, sirenas cantadoras y estrellas que hablan, y es el escenario ideal para todo tipo de aventuras. ¿Quién se puede negar a visitar.
650 14 - SUBJECT ADDED ENTRY--TOPICAL TERM
Topical term or geographic name entry element Novela
9 (RLIN) 8110
942 ## - ADDED ENTRY ELEMENTS (KOHA)
Source of classification or shelving scheme Dewey Decimal Classification
Koha item type Books
Existencias
Withdrawn status Lost status Source of classification or shelving scheme Damaged status Not for loan Collection code Home library Current library Date acquired Source of acquisition Total Checkouts Total Renewals Full call number Barcode Date last seen Date last checked out Copy number Koha item type
    Dewey Decimal Classification     Fiction Biblioteca Pública José María del Castillo y Rada Biblioteca Pública José María del Castillo y Rada 11/28/2019 Donación 4 3 J-N SANp 201807083 09/08/2025 09/05/2025 Ej.1 Books